<?xml version="1.0" encoding="UTF-8"?>
<record
    xmlns:xsi="http://www.w3.org/2001/XMLSchema-instance"
    xsi:schemaLocation="http://www.loc.gov/MARC21/slim http://www.loc.gov/standards/marcxml/schema/MARC21slim.xsd"
    xmlns="http://www.loc.gov/MARC21/slim">

  <leader>03398nam a2200253   4500</leader>
  <controlfield tag="003">vecauma</controlfield>
  <controlfield tag="005">20260420200938.0</controlfield>
  <controlfield tag="007">ta</controlfield>
  <controlfield tag="008">260420b        ve ||||| |||| 00| 0 spa d</controlfield>
  <datafield tag="020" ind1=" " ind2=" ">
    <subfield code="a">9701023625</subfield>
  </datafield>
  <datafield tag="040" ind1=" " ind2=" ">
    <subfield code="a">vecauma</subfield>
    <subfield code="b">spa</subfield>
    <subfield code="c">vecauma</subfield>
    <subfield code="d">vecauma</subfield>
    <subfield code="e">rda</subfield>
  </datafield>
  <datafield tag="041" ind1=" " ind2=" ">
    <subfield code="a">spa</subfield>
  </datafield>
  <datafield tag="100" ind1="1" ind2=" ">
    <subfield code="e">autor</subfield>
  </datafield>
  <datafield tag="245" ind1="1" ind2=" ">
    <subfield code="a">Liderazgo, valores y cultura organizacional  </subfield>
    <subfield code="b">Hacia una organizaci&#xF3;n competitiva </subfield>
    <subfield code="c">/ Alfonso Siliceo Aguilar, David Casares Arrangoiz, Jos&#xE9; Luis Gonz&#xE1;lez Mart&#xED;nez </subfield>
  </datafield>
  <datafield tag="264" ind1=" " ind2=" ">
    <subfield code="a">M&#xE9;xico:</subfield>
    <subfield code="b">McGRAW-HILL;</subfield>
    <subfield code="c">1999.</subfield>
  </datafield>
  <datafield tag="300" ind1=" " ind2=" ">
    <subfield code="a">220 p&#xE1;ginas.</subfield>
  </datafield>
  <datafield tag="336" ind1=" " ind2=" ">
    <subfield code="a">texto</subfield>
    <subfield code="b">txt</subfield>
    <subfield code="2">rdacontenido</subfield>
  </datafield>
  <datafield tag="337" ind1=" " ind2=" ">
    <subfield code="a">no mediado</subfield>
    <subfield code="b">n</subfield>
    <subfield code="2">rdamedio</subfield>
  </datafield>
  <datafield tag="338" ind1=" " ind2=" ">
    <subfield code="a">volumen</subfield>
    <subfield code="b">nc</subfield>
    <subfield code="2">rdasoporte</subfield>
  </datafield>
  <datafield tag="505" ind1="0" ind2=" ">
    <subfield code="a">Tendencias de transformaci&#xF3;n para el siglo XXI /
Cultura y valores /
El futuro de la misi&#xF3;n de la empresa /
Cultura organizacional y liderazgo /
El proceso de crecimiento, cambio y vitalidad organizacional /
Estrategias y modelos de cambio /                                                                                       </subfield>
  </datafield>
  <datafield tag="520" ind1="3" ind2=" ">
    <subfield code="a">Nos encontramos ante un momento hist&#xF3;rico de constantes, profundas, aceleradas y globales transformaciones; estamos por iniciar no s&#xF3;lo un nuevo siglo, sino un nuevo milenio, siendo testigos de los m&#xE1;s impactantes cambios del mundo en todos los &#xE1;mbitos de la cultura. Este fin de milenio est&#xE1; lleno de desaf&#xED;os y riesgos, esperanzas y promesas que generar&#xE1;n frutos en la medida en que los seres humanos podamos responder con eficacia a las oportunidades que se presenten. Este reto s&#xF3;lo se lograr&#xE1; a trav&#xE9;s de l&#xED;deres y empresas con visiones poderosas y compromisos de largo plazo que influyan constructivamente en bien de las organizaciones, instituciones, municipios, universidades y familias, contribuyendo a la construcci&#xF3;n de una nueva sociedad. De aqu&#xED; se deriva, como indispensable, el componente &#xE9;tico de todo liderazgo que pacte con un futuro sustentable. La predominancia de la informaci&#xF3;n y del conocimiento que han caracterizado a la &#xFA;ltima era del siglo XX, deben ceder el paso a la hegemon&#xED;a de la &#xE9;tica como horizonte para el siglo XXI. Este libro, fruto de m&#xE1;s de 25 a&#xF1;os de trabajo de los autores en el campo de la investigaci&#xF3;n y consultor&#xED;a a empresas e instituciones, tanto privadas como p&#xFA;blicas responde de manera clara y profunda a dicha necesidad.

El Instituto de Liderazgo A.C. ha sido creado para contribuir al desarrollo de la la direcci&#xF3;n organizacional en M&#xE9;xico. Surge como una nueva linea de trabajo basada en nuestra experiencia en el &#xE1;mbito de la consultor&#xED;a. El liderazgo para el cambio organizacional y la construcci&#xF3;n de una nueva sociedad, es para nosotros la pieza clave en la coyuntura de fin de siglo. La globalizaci&#xF3;n y la competitividad, el sentido humano del trabajo, las formas de producir, los requerimientos sociales, el problema de la estabilidad laboral, las econom&#xED;as emergentes y los fuertes cambios que experimenta la geopol&#xED;tica son indicadores de que una nueva cultura est&#xE1; naciendo. Para esos desaf&#xED;os se requiere urgentemente de lideres visionarios, honestos y audaces que contribuyan al bien com&#xFA;n social, conduciendo sabiamente a las empresas, universidades, dependencias p&#xFA;blicas, iglesias, partidos pol&#xED;ticos y sindicatos hacia la construcci&#xF3;n de una nueva sociedad.


</subfield>
  </datafield>
  <datafield tag="942" ind1=" " ind2="1">
    <subfield code="2">lcc</subfield>
    <subfield code="n">0</subfield>
    <subfield code="c">BK</subfield>
  </datafield>
  <datafield tag="999" ind1=" " ind2=" ">
    <subfield code="c">13405</subfield>
    <subfield code="d">13405</subfield>
  </datafield>
  <datafield tag="952" ind1=" " ind2=" ">
    <subfield code="0">0</subfield>
    <subfield code="1">0</subfield>
    <subfield code="2">lcc</subfield>
    <subfield code="4">0</subfield>
    <subfield code="7">0</subfield>
    <subfield code="8">CG</subfield>
    <subfield code="a">BUMA</subfield>
    <subfield code="b">BUMA</subfield>
    <subfield code="c">GEN</subfield>
    <subfield code="d">2026-04-20</subfield>
    <subfield code="i">49059</subfield>
    <subfield code="l">0</subfield>
    <subfield code="p">2026-0549</subfield>
    <subfield code="r">2026-04-20</subfield>
    <subfield code="w">2026-04-20</subfield>
    <subfield code="y">BK</subfield>
  </datafield>
</record>
